Normal view
MARC view
- القدرات العقلية-التفكير
Entry Topical Term
001 - CONTROL NUMBER
- control field: 35814
003 - CONTROL NUMBER IDENTIFIER
- control field: JO-AjAnu
005 - DATE AND TIME OF LATEST TRANSACTION
- control field: 20230606080003.0
008 - FIXED-LENGTH DATA ELEMENTS
- fixed length control field: 230606|| aca||aabn | a|a d
040 ## - CATALOGING SOURCE
- Original cataloging agency: JO-AjAnu
- Transcribing agency: JO-AjAnu
150 ## - HEADING--TOPICAL TERM
- Topical term or geographic name entry element: القدرات العقلية-التفكير
670 ## - SOURCE DATA FOUND
- Source citation: Work cat.: (JO-AjAnu)18389: حسنين، حسين محمد, author 35813, بناء الشبكات الذهنية=Building Mind Nets